[Event "DSOL 05 Liga Gr-C 1st"]
[Site "Playchess.com INT"]
[Date "2020.07.15"]
[Round "4.2"]
[White "Hoke, Adrian Neo"]
[Black "Reinhold, Juergen"]
[Result "1-0"]
[WhiteElo "1677"]
[BlackElo "1550"]
[PlyCount "93"]
[EventDate "2020.06.22"]
[EventType "team-tourn (rapid)"]
[EventCountry "GER"]
[SourceTitle "EXT 2021"]
[Source "ChessBase"]
[SourceDate "2020.10.23"]
[SourceVersion "1"]
[SourceVersionDate "2020.10.23"]
[SourceQuality "1"]
[WhiteTeam "Gottingen Rot-Weiss II"]
[BlackTeam "Wunstorf"]
[WhiteTeamCountry "GER"]
[BlackTeamCountry "GER"]

1. e4 e6 2. d4 d5 3. Nd2 c5 4. c3 cxd4 5. cxd4 dxe4 6. Nxe4 Nf6 7. Bg5 Be7 8. Nxf6+ Bxf6 9. Bxf6 Qxf6 10. Nf3 0-0 11. Bc4 Rd8 12. Qe2 b6 13. Qe4 Ba6 14. Qxa8 Bxc4 15. Qe4 Bd5 16. Qe5 Bxf3 17. Qxf6 gxf6 18. gxf3 Rxd4 19. Rd1 Rxd1+ 20. Kxd1 Nc6 21. Kd2 Ne5 22. f4 Nc4+ 23. Kc3 Nd6 24. f3 Kf8 25. Rg1 a6 26. a4 h6 27. b4 Nf5 28. Kc4 Ne3+ 29. Kd3 Nd5 30. Kc4 Nxf4 31. a5 Nd5 32. axb6 Nxb6+ 33. Kc5 Nd5 34. Ra1 Kg7 35. Rxa6 Kg6 36. b5 Kf5 37. Ra4 Kg5 38. b6 Nxb6 39. Kxb6 f5 40. Kc5 f6 41. h4+ Kh5 42. Kd6 e5 43. Ke6 Kg6 44. Ra1 Kh5 45. Kxf6 Kxh4 46. Kxf5 Kg3 47. Kxe5 1-0

[Event "DSOL 05 Liga Gr-C 1st"]
[Site "Playchess.com INT"]
[Date "2020.07.10"]
[Round "3.2"]
[White "Steinmueller, Stefanie"]
[Black "Hoke, Adrian Neo"]
[Result "0-1"]
[WhiteElo "1802"]
[BlackElo "1677"]
[PlyCount "92"]
[EventDate "2020.06.22"]
[EventType "team-tourn (rapid)"]
[EventCountry "GER"]
[SourceTitle "EXT 2021"]
[Source "ChessBase"]
[SourceDate "2020.10.23"]
[SourceVersion "1"]
[SourceVersionDate "2020.10.23"]
[SourceQuality "1"]
[WhiteTeam "Herzogenaurach II"]
[BlackTeam "Gottingen Rot-Weiss II"]
[WhiteTeamCountry "GER"]
[BlackTeamCountry "GER"]

1. e4 e5 2. Nf3 Nc6 3. Bb5 a6 4. Ba4 b5 5. Bb3 Nf6 6. d3 Be7 7. c3 0-0 8. 0-0 d6 9. h3 Na5 10. Bc2 c5 11. Nbd2 Bd7 12. Re1 Re8 13. Nf1 Qc7 14. Ng3 c4 15. d4 Rab8 16. Bg5 b4 17. Bxf6 Bxf6 18. Nh5 Be7 19. dxe5 dxe5 20. Qd5 Bf8 21. Ng5 Be6 22. Nxe6 Rxe6 23. Rad1 Nb7 24. Qd2 a5 25. Ba4 Nc5 26. Bc2 Rd6 27. Qg5 Rg6 28. Qf5 bxc3 29. bxc3 Rb2 30. Bb1 Rd6 31. Rd5 Qb6 32. Qxe5 Rxb1 33. Rxb1 Qxb1+ 34. Kh2 Rxd5 35. exd5 Qe4 36. Qg5 Qg6 37. Qh4 Qd6+ 38. Nf4 Nd3 39. g3 Nxf4 40. gxf4 Qxd5 41. Kg3 Qd3+ 42. f3 Qxc3 43. Qd8 Qa1 44. Qxa5 Qg1+ 45. Kh4 Be7+ 46. Kh5 Qg6# 0-1

[Event "DSOL 05 Liga Gr-C 1st"]
[Site "Playchess.com INT"]
[Date "2020.06.26"]
[Round "1.2"]
[White "Ajdari, Ardian"]
[Black "Hoke, Adrian Neo"]
[Result "1/2-1/2"]
[WhiteElo "1533"]
[BlackElo "1677"]
[PlyCount "105"]
[EventDate "2020.06.22"]
[EventType "team-tourn (rapid)"]
[EventCountry "GER"]
[SourceTitle "EXT 2021"]
[Source "ChessBase"]
[SourceDate "2020.10.23"]
[SourceVersion "1"]
[SourceVersionDate "2020.10.23"]
[SourceQuality "1"]
[WhiteTeam "Gern SF"]
[BlackTeam "Gottingen Rot-Weiss II"]
[WhiteTeamCountry "GER"]
[BlackTeamCountry "GER"]

1. e4 e5 2. Nf3 Nc6 3. Bb5 a6 4. Ba4 Nf6 5. 0-0 b5 6. Bb3 Be7 7. Re1 0-0 8. c3 d5 9. exd5 Nxd5 10. Nxe5 Nxe5 11. Rxe5 c6 12. h3 Bd6 13. Re2 Nf4 14. d4 Nxe2+ 15. Qxe2 Re8 16. Be3 Be6 17. Nd2 a5 18. d5 Bd7 19. Qf3 a4 20. Bc2 cxd5 21. Qxd5 Qf6 22. Ne4 Qe6 23. Qxd6 Qxd6 24. Nxd6 Re6 25. Rd1 Bc6 26. Bf5 Re7 27. c4 bxc4 28. Nxc4 g6 29. Be4 Rxe4 30. Nb6 Rb8 31. Nd7 Bxd7 32. Rxd7 Ree8 33. Bd4 Rbd8 34. Rxd8 Rxd8 35. Bc3 Rd1+ 36. Kh2 f5 37. a3 Kf7 38. Kg3 Ke6 39. Kf4 Rf1 40. f3 Rf2 41. g4 fxg4 42. hxg4 Re2 43. Kg5 Kd5 44. f4 Rg2 45. f5 gxf5 46. Kxf5 Kc4 47. g5 Kb3 48. Kf6 Re2 49. Kg7 Re7+ 50. Kh6 Rc7 51. Bg7 Rc5 52. Bf6 Rc7 53. Bg7 1/2-1/2

[Event "GER Pfingstopen U16"]
[Site "Playchess.com INT"]
[Date "2020.06.05"]
[Round "7"]
[White "Passin, Connor"]
[Black "Hoke, Adrian Neo"]
[Result "1-0"]
[WhiteElo "1715"]
[BlackElo "1629"]
[PlyCount "59"]
[EventDate "2020.06.05"]
[EventType "swiss (blitz)"]
[EventRounds "11"]
[EventCountry "GER"]
[SourceTitle "CBM 197 Extra"]
[Source "ChessBase"]
[SourceDate "2020.09.30"]
[SourceVersion "1"]
[SourceVersionDate "2020.09.30"]
[SourceQuality "1"]

1. e4 e5 2. Nf3 Nc6 3. Bc4 Bc5 4. c3 Nf6 5. d4 exd4 6. cxd4 Bb4+ 7. Bd2 Bxd2+ 8. Nbxd2 d5 9. exd5 Nxd5 10. 0-0 0-0 11. Re1 Bg4 12. Qb3 Nb6 13. h3 Bh5 14. Qc3 Nxc4 15. Qxc4 Qd7 16. d5 Ne7 17. Rad1 Bg6 18. Nb3 Rfe8 19. Ne5 Qd6 20. Nc5 b6 21. Nb7 Qf6 22. Qxc7 Rac8 23. Qd6 Rc2 24. Qxf6 gxf6 25. Nxg6 fxg6 26. d6 Rb8 27. dxe7 Kf7 28. Nd8+ Ke8 29. Ne6 Kxe7 30. Nd4+ 1-0

[Event "GER Cup Net V4 U2000"]
[Site "Playchess.com INT"]
[Date "2020.05.31"]
[Round "2"]
[White "Hoke, Adrian Neo"]
[Black "Bashylina, Luisa"]
[Result "0-1"]
[WhiteElo "1665"]
[BlackElo "1895"]
[PlyCount "92"]
[EventDate "2020.05.31"]
[EventType "swiss (blitz)"]
[EventRounds "9"]
[EventCountry "GER"]
[SourceTitle "EXT 2021"]
[Source "ChessBase"]
[SourceDate "2020.10.23"]
[SourceVersion "1"]
[SourceVersionDate "2020.10.23"]
[SourceQuality "1"]

1. d4 Nf6 2. c4 g6 3. Nc3 Bg7 4. e4 d6 5. Be2 0-0 6. Bg5 h6 7. Be3 e5 8. dxe5 dxe5 9. Nf3 Be6 10. 0-0 Nbd7 11. a3 c6 12. b4 Qe7 13. Na4 Rad8 14. Qc2 b6 15. Nc3 Nh7 16. Rad1 f5 17. Bc1 g5 18. Nd2 f4 19. f3 h5 20. Rf2 Nhf6 21. Bf1 g4 22. fxg4 Nxg4 23. Rf3 Ne3 24. Rxe3 fxe3 25. Nf3 Bh6 26. Be2 Kh7 27. Rd3 Nf6 28. Nxe5 Rxd3 29. Qxd3 Rg8 30. Bxe3 Qg7 31. Bf3 Bxe3+ 32. Qxe3 Bd7 33. Nxd7 Nxd7 34. Qf4 Ne5 35. Qf5+ Ng6 36. Ne2 h4 37. Nf4 Qa1+ 38. Kf2 Qd4+ 39. Kf1 Qxc4+ 40. Be2 Qc1+ 41. Kf2 Qxf4+ 42. Qxf4 Nxf4 43. Kf3 Nxe2 44. Kxe2 Rxg2+ 45. Kf3 Rxh2 46. Kg4 Ra2 0-1

[Event "GER Cup Net V4 U2000"]
[Site "Playchess.com INT"]
[Date "2020.05.31"]
[Round "6"]
[White "Hoke, Adrian Neo"]
[Black "Serreck, Uwe"]
[Result "1-0"]
[WhiteElo "1665"]
[BlackElo "1681"]
[PlyCount "71"]
[EventDate "2020.05.31"]
[EventType "swiss (blitz)"]
[EventRounds "9"]
[EventCountry "GER"]
[SourceTitle "EXT 2021"]
[Source "ChessBase"]
[SourceDate "2020.10.23"]
[SourceVersion "1"]
[SourceVersionDate "2020.10.23"]
[SourceQuality "1"]

1. d4 g6 2. c4 Bg7 3. Nc3 Nf6 4. e4 d6 5. Be2 0-0 6. Bg5 c5 7. d5 h6 8. Be3 e6 9. Qd2 Kh7 10. h4 exd5 11. cxd5 Re8 12. Bd3 a6 13. f4 Ng4 14. h5 Nxe3 15. Qxe3 b5 16. hxg6+ fxg6 17. Nf3 b4 18. Ne2 Bxb2 19. Rb1 Bg7 20. Ng5+ Kg8 21. Nf3 Bg4 22. f5 gxf5 23. Rxh6 Bxh6 24. Qxh6 Qe7 25. exf5 Qg7 26. Qxd6 Nd7 27. f6 Nxf6 28. Qf4 Nh5 29. Qc4 Bxf3 30. gxf3 Ng3 31. d6+ Kf8 32. Qf4+ Kg8 33. Qc4+ Kh8 34. Qh4+ Kg8 35. Bc4+ Kf8 36. Qf4+ 1-0

[Event "GER Cup Net V4 U2000"]
[Site "Playchess.com INT"]
[Date "2020.05.31"]
[Round "4"]
[White "Ochmann, Reimund"]
[Black "Hoke, Adrian Neo"]
[Result "0-1"]
[WhiteElo "1702"]
[BlackElo "1665"]
[PlyCount "70"]
[EventDate "2020.05.31"]
[EventType "swiss (blitz)"]
[EventRounds "9"]
[EventCountry "GER"]
[SourceTitle "EXT 2021"]
[Source "ChessBase"]
[SourceDate "2020.10.23"]
[SourceVersion "1"]
[SourceVersionDate "2020.10.23"]
[SourceQuality "1"]

1. e4 Nf6 2. e5 Nd5 3. d4 d6 4. Nf3 Bg4 5. Be2 Nc6 6. exd6 exd6 7. c4 Nb6 8. b3 Be7 9. 0-0 0-0 10. Bb2 Bf6 11. h3 Bh5 12. Nc3 Bxf3 13. Bxf3 Nxd4 14. Bxb7 Rb8 15. Be4 a5 16. Rb1 Re8 17. Bd3 Ne6 18. Qf3 h6 19. Qf5 g6 20. Qf3 Ng5 21. Qg3 Qd7 22. h4 Ne6 23. h5 Be5 24. Qg4 Ng7 25. Qxd7 Nxd7 26. hxg6 fxg6 27. Bxg6 Re6 28. Bd3 c6 29. f4 Bd4+ 30. Kh1 Rf8 31. f5 Re3 32. Rbd1 Ne5 33. Bc1 Rg3 34. Ne4 Rg4 35. f6 Rh4# 0-1

[Event "GER Cup Net V3 U2000"]
[Site "Playchess.com INT"]
[Date "2020.05.27"]
[Round "6"]
[White "Hoke, Adrian Neo"]
[Black "Rempe, Jonas"]
[Result "1-0"]
[WhiteElo "1594"]
[BlackElo "1760"]
[PlyCount "119"]
[EventDate "2020.05.27"]
[EventType "swiss (blitz)"]
[EventRounds "9"]
[EventCountry "GER"]
[SourceTitle "EXT 2021"]
[Source "ChessBase"]
[SourceDate "2020.10.23"]
[SourceVersion "1"]
[SourceVersionDate "2020.10.23"]
[SourceQuality "1"]

1. e4 e5 2. Nf3 Nc6 3. Bb5 a6 4. Ba4 Nf6 5. 0-0 Be7 6. Re1 b5 7. Bb3 0-0 8. h3 Bb7 9. d3 d5 10. Nbd2 d4 11. Nf1 Bd6 12. Bg5 Na5 13. Ng3 Nxb3 14. axb3 h6 15. Bh4 g5 16. Nxg5 hxg5 17. Bxg5 Be7 18. Nf5 Bc8 19. Bxf6 Bxf6 20. Qg4+ Kh7 21. Qh5+ Kg8 22. Nh6+ Kg7 23. Nf5+ Bxf5 24. exf5 Rh8 25. Qg4+ Kf8 26. Re4 Rh4 27. Qf3 Rxe4 28. Qxe4 Ke7 29. Qc6 Qc8 30. g4 Ra7 31. Qc5+ Kd7 32. Qxa7 Qh8 33. Kg2 e4 34. dxe4 d3 35. Rd1 Bd4 36. Qxa6 dxc2 37. Qxb5+ c6 38. Qb7+ Kd6 39. Qb4+ Kc7 40. Qe7+ Kb6 41. Qb4+ Kc7 42. Rc1 c5 43. Qa5+ Kd6 44. Qb6+ Kd7 45. Qb7+ Kd6 46. Qd5+ Kc7 47. Qxf7+ Kc6 48. Qd5+ Kb6 49. Qd6+ Kb5 50. Rxc2 Qh4 51. Qg3 Qg5 52. Qb8+ Ka5 53. b4+ cxb4 54. Qc7+ Kb5 55. Qd7+ Ka5 56. Qxd4 b3 57. Rc5+ Kb6 58. Qd6+ Kb7 59. Rc7+ Kb8 60. Rg7+ 1-0

[Event "GER Cup Net V2 U2000"]
[Site "Playchess.com INT"]
[Date "2020.05.22"]
[Round "2"]
[White "Hoke, Adrian Neo"]
[Black "Hertel, Marco"]
[Result "0-1"]
[WhiteElo "1634"]
[BlackElo "1773"]
[PlyCount "110"]
[EventDate "2020.05.22"]
[EventType "swiss (blitz)"]
[EventRounds "9"]
[EventCountry "GER"]
[SourceTitle "EXT 2021"]
[Source "ChessBase"]
[SourceDate "2020.10.23"]
[SourceVersion "1"]
[SourceVersionDate "2020.10.23"]
[SourceQuality "1"]

1. d4 Nf6 2. c4 e5 3. dxe5 Ng4 4. Nf3 Nc6 5. Nc3 Ngxe5 6. Nxe5 Nxe5 7. e4 Bb4 8. Bd2 d6 9. a3 Bxc3 10. Bxc3 Be6 11. b3 f6 12. Be2 a5 13. 0-0 a4 14. f4 Nc6 15. b4 0-0 16. Qc2 Qe7 17. Rad1 Bf7 18. Rf3 Bg6 19. Re3 f5 20. e5 dxe5 21. Bxe5 Nxe5 22. Rxe5 Qf6 23. c5 Rfe8 24. Qc4+ Kh8 25. Rd2 Rxe5 26. fxe5 Qxe5 27. Bf1 Qe3+ 28. Rf2 Rd8 29. Qh4 Rd2 30. h3 h6 31. Qf4 Qxf2+ 32. Qxf2 Rxf2 33. Kxf2 Kg8 34. Kf3 Kf7 35. Kf4 c6 36. Bc4+ Kf6 37. g4 fxg4 38. hxg4 Bc2 39. Bg8 g6 40. Bc4 h5 41. gxh5 gxh5 42. Kg3 Ke5 43. Bf7 Bd1 44. Kh4 Kd4 45. Bg6 Kc3 46. Bf5 Kb2 47. Bc8 Kxa3 48. Bxb7 Bf3 49. b5 Kb4 50. bxc6 a3 51. Ba6 a2 52. c7 Bg4 53. c8Q Bxc8 54. Bxc8 Kxc5 55. Be6 a1Q 0-1

[Event "GER Cup Net V1 U2000"]
[Site "Playchess.com INT"]
[Date "2020.05.19"]
[Round "8"]
[White "Hoke, Adrian Neo"]
[Black "Siebenwirth, Christian"]
[Result "1-0"]
[WhiteElo "1628"]
[BlackElo "1643"]
[PlyCount "25"]
[EventDate "2020.05.19"]
[EventType "swiss (blitz)"]
[EventRounds "9"]
[EventCountry "GER"]
[SourceTitle "EXT 2021"]
[Source "ChessBase"]
[SourceDate "2020.10.23"]
[SourceVersion "1"]
[SourceVersionDate "2020.10.23"]
[SourceQuality "1"]

1. e4 c5 2. Nf3 Nc6 3. d4 cxd4 4. Nxd4 g6 5. c4 Bg7 6. Be3 d6 7. Nc3 Nf6 8. Be2 0-0 9. 0-0 Bd7 10. Rc1 e5 11. Nf3 Ng4 12. Bg5 h6 13. Bxd8 1-0

[Event "GER Cup Net V1 U2000"]
[Site "Playchess.com INT"]
[Date "2020.05.19"]
[Round "6"]
[White "Thielscher, Rene"]
[Black "Hoke, Adrian Neo"]
[Result "1-0"]
[WhiteElo "1534"]
[BlackElo "1635"]
[PlyCount "47"]
[EventDate "2020.05.19"]
[EventType "swiss (blitz)"]
[EventRounds "9"]
[EventCountry "GER"]
[SourceTitle "EXT 2021"]
[Source "ChessBase"]
[SourceDate "2020.10.23"]
[SourceVersion "1"]
[SourceVersionDate "2020.10.23"]
[SourceQuality "1"]

1. e4 e5 2. f4 exf4 3. Nf3 g5 4. h4 g4 5. Ne5 g3 6. d4 d6 7. Nf3 Bg4 8. Be2 Be7 9. Bxf4 Bxf3 10. Bxf3 Bxh4 11. Bh5 Qf6 12. Qg4 Qxd4 13. Rxh4 Qf2+ 14. Kd1 Qd4+ 15. Nd2 Qg1+ 16. Ke2 Qxa1 17. Qc8+ Ke7 18. Qxc7+ Nd7 19. Bxd6+ Ke6 20. Bxf7+ Kxf7 21. Qxd7+ Kg6 22. Rg4+ Kh5 23. Qf5+ Kh6 24. Bf4# 1-0

[Event "GER-ch U18 sf Berlin Online"]
[Site "Playchess.com INT"]
[Date "2020.05.01"]
[Round "4"]
[White "Hoke, Adrian Neo"]
[Black "Lieske, Aaron"]
[Result "1-0"]
[WhiteElo "1651"]
[BlackElo "1620"]
[PlyCount "81"]
[EventDate "2020.05.01"]
[EventType "swiss (blitz)"]
[EventRounds "13"]
[EventCountry "GER"]
[SourceTitle "CBM 195 Extra"]
[Source "ChessBase"]
[SourceDate "2020.05.31"]
[SourceVersion "1"]
[SourceVersionDate "2020.05.31"]
[SourceQuality "1"]

1. e4 e5 2. Nf3 Nc6 3. Bb5 a6 4. Ba4 Bc5 5. 0-0 d6 6. c3 Bd7 7. Re1 Nf6 8. d4 exd4 9. cxd4 Ba7 10. Nc3 h6 11. h3 0-0 12. Be3 Re8 13. Bc2 Nb4 14. a3 Nxc2 15. Qxc2 Bc6 16. d5 Bxe3 17. Rxe3 Bd7 18. Qb3 Rb8 19. Rc1 Qe7 20. Nd4 Qe5 21. Qd1 Rbc8 22. f3 Qg3 23. Nce2 Qg5 24. Rec3 Bxh3 25. Qf1 Re7 26. Kf2 Qh4+ 27. Kg1 Qg5 28. Kf2 Bd7 29. Rxc7 Rxc7 30. Rxc7 Qd2 31. Rxb7 Re8 32. Qc1 Qxc1 33. Nxc1 Rc8 34. Nd3 Bb5 35. Nxb5 axb5 36. Rxb5 Rc2+ 37. Kg3 Kf8 38. a4 Ke7 39. b4 Rc1 40. Nxc1 Nd7 41. Rb7 1-0

[Event "GER-ch NSV Online 1st"]
[Site "Playchess.com INT"]
[Date "2020.04.26"]
[Round "1"]
[White "Fiebig, Andre"]
[Black "Hoke, Adrian Neo"]
[Result "1-0"]
[WhiteElo "1280"]
[BlackElo "1575"]
[PlyCount "119"]
[EventDate "2020.04.26"]
[EventType "swiss (blitz)"]
[EventRounds "13"]
[EventCountry "GER"]
[SourceTitle "CBM 196 Extra"]
[Source "ChessBase"]
[SourceDate "2020.07.31"]
[SourceVersion "1"]
[SourceVersionDate "2020.07.31"]
[SourceQuality "1"]

1. d4 d5 2. Nf3 Nf6 3. c4 e6 4. Bg5 Be7 5. e3 0-0 6. Nc3 c6 7. Bd3 Nbd7 8. 0-0 Re8 9. Rc1 h6 10. Bxf6 Nxf6 11. a4 a5 12. h3 Bb4 13. Ne5 Bd7 14. Ne2 Rc8 15. c5 Qe7 16. Ng3 Rb8 17. Nh5 Nxh5 18. Qxh5 b6 19. g4 bxc5 20. g5 Bc8 21. gxh6 gxh6 22. Qxh6 f6 23. Ng6 Qg7 24. Qh5 cxd4 25. Kh2 Bd6+ 26. Kh1 Qh7 27. Qg4 Qg7 28. Rg1 Rb7 29. Qh5 Qh7 30. Qg4 Rg7 31. Qf3 Qh6 32. Qxf6 Be7 33. Nxe7+ Rexe7 34. Rxg7+ Qxg7 35. Qh4 Bd7 36. Rg1 dxe3 37. Rxg7+ Rxg7 38. fxe3 Kf7 39. Qd8 c5 40. Qxd7+ Kf6 41. Qd8+ Ke5 42. Qh8 Kf6 43. h4 Kf7 44. h5 c4 45. h6 Rg6 46. h7 Rh6+ 47. Kg2 cxd3 48. Qd8 Rxh7 49. Qd7+ Kg6 50. Qxe6+ Kg7 51. Qxd5 Rh6 52. Qxd3 Rg6+ 53. Kf2 Kf7 54. Ke2 Re6 55. Qd5 Ke7 56. Qxa5 Kd6 57. Qf5 Re5 58. Qxe5+ Kxe5 59. Kd3 Kd5 60. b3 1-0

[Event "GER-ch NSV Online 1st"]
[Site "Playchess.com INT"]
[Date "2020.04.26"]
[Round "9"]
[White "Hoke, Adrian Neo"]
[Black "Scheffner, Jarno"]
[Result "0-1"]
[WhiteElo "1575"]
[BlackElo "1959"]
[PlyCount "38"]
[EventDate "2020.04.26"]
[EventType "swiss (blitz)"]
[EventRounds "13"]
[EventCountry "GER"]
[SourceTitle "CBM 196 Extra"]
[Source "ChessBase"]
[SourceDate "2020.07.31"]
[SourceVersion "1"]
[SourceVersionDate "2020.07.31"]
[SourceQuality "1"]

1. e4 e5 2. Nf3 Nc6 3. Bb5 a6 4. Ba4 b5 5. Bb3 Nf6 6. 0-0 d6 7. Re1 Be7 8. h3 0-0 9. c3 Na5 10. Bc2 c5 11. d4 cxd4 12. cxd4 Nc6 13. d5 Nb8 14. Nc3 Nbd7 15. a3 Re8 16. b4 Nb6 17. Bb2 Nc4 18. Bd3 Nxb2 19. Qb3 Nxd3 0-1

[Event "GER-ch NSV Online 1st"]
[Site "Playchess.com INT"]
[Date "2020.04.26"]
[Round "8"]
[White "Lebenstedt, Wolfgang"]
[Black "Hoke, Adrian Neo"]
[Result "0-1"]
[WhiteElo "1620"]
[BlackElo "1575"]
[PlyCount "100"]
[EventDate "2020.04.26"]
[EventType "swiss (blitz)"]
[EventRounds "13"]
[EventCountry "GER"]
[SourceTitle "CBM 196 Extra"]
[Source "ChessBase"]
[SourceDate "2020.07.31"]
[SourceVersion "1"]
[SourceVersionDate "2020.07.31"]
[SourceQuality "1"]

1. d4 d5 2. c4 e6 3. Nc3 Nf6 4. Bg5 c6 5. cxd5 exd5 6. e3 Be7 7. Nf3 Nbd7 8. Be2 0-0 9. 0-0 h6 10. Bh4 Re8 11. Ne5 Nxe5 12. dxe5 Ne4 13. Bxe7 Qxe7 14. f4 Nxc3 15. bxc3 Bf5 16. Bd3 Bxd3 17. Qxd3 Rab8 18. a4 f6 19. exf6 Qxf6 20. a5 Re4 21. a6 b6 22. Rf3 Rbe8 23. g3 Qe6 24. Kf2 c5 25. Rd1 Rd8 26. f5 Qe5 27. c4 d4 28. exd4 Rdxd4 29. Qc2 Rxd1 30. Qxd1 Qb2+ 31. Kg1 Qd4+ 32. Qxd4 Rxd4 33. Rc3 Rd2 34. Ra3 Rc2 35. Ra4 Kf7 36. g4 Kf6 37. h4 h5 38. gxh5 Kxf5 39. Ra3 Rxc4 40. Rg3 Rg4 41. Kg2 Rxg3+ 42. Kxg3 c4 43. Kf3 c3 44. Ke3 b5 45. Kd3 b4 46. Kc4 Kg4 47. Kxb4 c2 48. Kb5 c1Q 49. h6 gxh6 50. h5 Qc7 0-1

[Event "GER-ch Net Amateur Gr-B Vor3"]
[Site "Playchess.com INT"]
[Date "2020.04.16"]
[Round "1"]
[White "Hoke, Adrian Neo"]
[Black "Haubold, Christian Lucas"]
[Result "1-0"]
[WhiteElo "1734"]
[BlackElo "1571"]
[PlyCount "81"]
[EventDate "2020.04.16"]
[EventType "swiss (blitz)"]
[EventRounds "9"]
[EventCountry "GER"]
[SourceTitle "CBM 195 Extra"]
[Source "ChessBase"]
[SourceDate "2020.05.31"]
[SourceVersion "1"]
[SourceVersionDate "2020.05.31"]
[SourceQuality "1"]

1. e4 e5 2. Nf3 Nc6 3. Bb5 a6 4. Ba4 d6 5. 0-0 b5 6. Bb3 Nf6 7. Re1 Be7 8. c3 Bg4 9. d3 0-0 10. Nbd2 a5 11. Nf1 Bh5 12. Ng3 Bg6 13. d4 exd4 14. cxd4 a4 15. Bc2 Nb4 16. Bf4 Nxc2 17. Qxc2 Rc8 18. Qe2 Qd7 19. Rad1 c6 20. e5 Nd5 21. Bc1 Rfe8 22. h3 dxe5 23. Nxe5 Qa7 24. Nxg6 hxg6 25. Qc2 Nb4 26. Qb1 Bf6 27. a3 Nd5 28. Be3 Nxe3 29. fxe3 Bh4 30. Ne4 Bxe1 31. Rxe1 Re7 32. Nc5 Rce8 33. Qd3 Qc7 34. e4 Qf4 35. Qe3 Qxe3+ 36. Rxe3 Rd8 37. Rd3 f6 38. Kf2 Kf7 39. Ke3 f5 40. e5 Rd5 41. g3 1-0

[Event "GER-ch Net Amateur Gr-B Vor2"]
[Site "Playchess.com INT"]
[Date "2020.04.15"]
[Round "1"]
[White "Fock, Sana"]
[Black "Hoke, Adrian Neo"]
[Result "1-0"]
[WhiteElo "1660"]
[BlackElo "1732"]
[PlyCount "73"]
[EventDate "2020.04.15"]
[EventType "swiss (blitz)"]
[EventRounds "9"]
[EventCountry "GER"]
[SourceTitle "CBM 196 Extra"]
[Source "ChessBase"]
[SourceDate "2020.07.31"]
[SourceVersion "1"]
[SourceVersionDate "2020.07.31"]
[SourceQuality "1"]

1. e4 e5 2. d4 exd4 3. Qxd4 Nc6 4. Qe3 Nf6 5. Nc3 d6 6. Bd2 Be7 7. 0-0-0 0-0 8. f4 Bg4 9. Nf3 Qd7 10. h3 Bxf3 11. Qxf3 Rfe8 12. g4 Bf8 13. g5 Nxe4 14. Nxe4 Nd4 15. Qg2 Qa4 16. Bc3 Nxc2 17. Qxc2 Qxc2+ 18. Kxc2 Rxe4 19. Bd3 Rxf4 20. Rdf1 Rxf1 21. Rxf1 Re8 22. Bc4 Re7 23. h4 a6 24. a4 c6 25. h5 b5 26. axb5 cxb5 27. Bd5 Rc7 28. Kd3 Re7 29. g6 hxg6 30. hxg6 Rc7 31. Bxf7+ Rxf7 32. Rxf7 d5 33. Kd4 Bd6 34. Kxd5 Bg3 35. Rxg7+ Kf8 36. Rh7 Bf2 37. g7+ 1-0